000 00612nam a2200193Ia 4500
005 20250508160459.0
008 008 250505s9999 xx 000 0 eng d
037 _aBooks to be hide in OPAC
040 _aFEDL
_beng
_cFEDL
041 _aeng
_2eng
084 _a025, CAR/O
_qFEDL
100 _aCarhart Frances Dukes
_945649
245 0 _aSouthwest missouri library service inc : A study in co-operative centralized technical services
260 _aChicago
_bAmerican Library Association
_c1962
300 _aix,78p.
365 _aUSD
_b2
942 _cHB
_h025, CAR/O
999 _c1364871
_d1364871